000 01213nam a2200313 a 4500
001 000109014
003 CHAP
005 20220329144034.0
008 140328s2013 mx sm |||||||spa d
010 _a105476
011 _a106448
040 _cCHAP
090 _aTesis
100 1 _aPrieto Silviano, Israel
_9126106
245 1 0 _aModernización aduanera : aplicación de un sistema automatizado para aduanas y puertos marítimos
_h[En línea]
_cpor Israel Prieto Silvano.
260 _aChapingo, Méx. :
_bEl autor,
_c2013.
500 _aPara ver el contenido del material haga clic en la liga
502 _aTesis (Lic. en Comercio Internacional de Productos Agropecuarios ) -- UACH. División de Ciencias Económicos Administrativas
590 _aBATCH-UPD
_b05
_c20141002
_lUCH01
_h0859
590 _aE5765TAJ
_b05
_c20140328
_lUCH01
_h0920
590 _aE5765TAJ
_b05
_c20140328
_lUCH01
_h0920
590 _aE5765TAJ
_b05
_c20140328
_lUCH01
_h0921
650 1 4 _aAduanas
_xSimplificación administrativa
_xAutomatización.
_9126114
650 1 4 _aTransporte maritimo.
_9114642
856 _aFinding aid
_uhttp://10.13.5.2/tesis/sist109014.pdf
_zTeclea aquí
901 _aBK
942 _cTESIS
942 _n0
999 _c105476
_d105476